LEADER 00929nam0 22002531i 450 001 UON00431258 005 20231205104908.515 100 $a20131007d1965 |0itac50 ba 101 $aeng 102 $aGB 105 $a|||| 1|||| 200 1 $aChristina Rossetti$ea divided life$fGeorgina Battiscombe 210 $aLondon$cConstable$d1981 215 $a233 p.$cill.$d22 cm. 606 $aROSSETTI CHRISTINA$3UONC084224$2FI 620 $aGB$dLondon$3UONL003044 676 $a821.91$cPoesia inglese, 1900-1999$v21 700 1$aBATTISCOMBE$bGeorgina$3UONV119463$0202204 801 $aIT$bSOL$c20240220$gRICA 899 $aSIBA - SISTEMA BIBLIOTECARIO DI ATENEO$2UONSI 912 $aUON00431258 950 $aSIBA - SISTEMA BIBLIOTECARIO DI ATENEO$dSI Angl V B ROS BAT $eSI LO 21516/1 5 $sBuono 996 $aChristina Rossetti$9532903 997 $aUNIOR